|
|
|
|
| LEADER |
00000naa2a2200000 4500 |
| 001 |
603345 |
| 005 |
20260302165113.0 |
| 035 |
|
|
|a (RuTPU)RU\TPU\conf\529
|
| 035 |
|
|
|a RU\TPU\conf\524
|
| 090 |
|
|
|a 603345
|
| 100 |
|
|
|a 20140113d2013 k y0rusy50 ca
|
| 101 |
0 |
|
|a rus
|
| 102 |
|
|
|a RU
|
| 135 |
|
|
|a drnn ---uucaa
|
| 181 |
|
0 |
|a i
|
| 182 |
|
0 |
|a b
|
| 200 |
1 |
|
|a Исследование термоэлектрических свойств металлов при помощи программно-аппаратного комплекса
|f А. А. Солдатов
|g науч. рук. Г. С. Евтушенко
|
| 203 |
|
|
|a Текст
|c электронный
|
| 225 |
1 |
|
|a Современные системы и технологии в неразрушающем контроле
|
| 300 |
|
|
|a Заглавие с титульного экрана
|
| 320 |
|
|
|a [Библиогр.: с. 159 (2 назв.)]
|
| 337 |
|
|
|a Adobe Reader
|
| 461 |
|
1 |
|0 (RuTPU)RU\TPU\conf\33
|t Неразрушающий контроль: электронное приборостроение, технологии, безопасность
|o сборник трудов III Всероссийской научно-практической конференции студентов, аспирантов и молодых учёных, Томск, 27-31 мая 2013 г.
|o в 2 т.
|f Национальный исследовательский Томский политехнический университет (ТПУ)
|d 2013
|
| 463 |
|
1 |
|0 (RuTPU)RU\TPU\conf\34
|t Т. 1
|v [С. 155-159]
|d 2013
|
| 610 |
1 |
|
|a труды учёных ТПУ
|
| 610 |
1 |
|
|a электронный ресурс
|
| 610 |
1 |
|
|a термоэлектрические свойства
|
| 610 |
1 |
|
|a металлы
|
| 610 |
1 |
|
|a программно-аппаратные комплексы
|
| 610 |
1 |
|
|a сплавы
|
| 700 |
|
1 |
|a Солдатов
|b А. А.
|c специалист в области электроники
|c инженер, старший преподаватель Томского политехнического университета, кандидат технических наук
|f 1988-
|g Андрей Алексеевич
|3 (RuTPU)RU\TPU\pers\30586
|9 14880
|
| 702 |
|
1 |
|a Евтушенко
|b Г. С.
|c российский специалист в области электрофизики
|c профессор Томского политехнического университета, доктор технических наук
|f 1947-
|g Геннадий Сергеевич
|4 727
|
| 712 |
0 |
2 |
|a Национальный исследовательский Томский политехнический университет (ТПУ)
|b Институт неразрушающего контроля (ИНК)
|b Кафедра промышленной и медицинской электроники (ПМЭ)
|3 (RuTPU)RU\TPU\col\18719
|
| 801 |
|
2 |
|a RU
|b 63413507
|c 20140206
|g RCR
|
| 856 |
4 |
|
|u http://www.lib.tpu.ru/fulltext/c/2013/C36/V1/044.pdf
|
| 942 |
|
|
|c BK
|